| 000 | 00620nam a22002057a 4500 | ||
|---|---|---|---|
| 005 | 20250814090804.0 | ||
| 008 | 250814b |||||||| |||| 00| 0 eng d | ||
| 020 | _a9788170196433 | ||
| 040 |
_aIN-DiNC _cIN-DiNC |
||
| 041 | _deng | ||
| 082 |
_a579.6 _bDEV |
||
| 100 |
_aDevi, Sobita _eauthor |
||
| 245 |
_aTextbook of mushroom/ _cby Sobita Devi, Abhilasha A Lal and Archana U Singh |
||
| 260 |
_aNew Delhi: _bToday and tomorrows printers and publishers, _c2019. |
||
| 300 | _a124p. | ||
| 650 | _aMushroom cultivation | ||
| 700 |
_aLal, Abhilasha A _eauthor |
||
| 700 |
_aSingh, Archana U _eauthor |
||
| 942 |
_2ddc _cBK |
||
| 999 |
_c12191 _d12191 |
||